| 000 | 00357pab a2200145 454500 | ||
|---|---|---|---|
| 008 | 180718b1988 xxu||||| |||| 00| 0 eng d | ||
| 100 | _aBajwa, K.S. | ||
| 245 | _aIssues before Indian banks in computerisation | ||
| 260 | _c1988 | ||
| 300 | _a26-34 | ||
| 362 | _aNov. | ||
| 650 | _aComputers - Banks - India | ||
| 773 | _aPNB Monthly Review | ||
| 909 | _a6404 | ||
| 999 |
_c6404 _d6404 |
||